| 000 | 00748nam a2200229 i 4500 | ||
|---|---|---|---|
| 001 | 00000000124429 | ||
| 003 | OSt | ||
| 005 | 20130422153730.0 | ||
| 008 | 020226s1982 esp 0011 spa d | ||
| 040 | _c BMC | ||
| 082 | _a910.92 | ||
| 082 | _a910.4 | ||
| 100 | 1 |
_aBougainville, Louis Antoine de, _9283 _d1729-1811 |
|
| 245 | 1 | 0 |
_aViaje alrededor del mundo _b: por la fragata del rey la «Boudeuse» y la fusta la «Estrella» en 1767, 1768, y 1969 _cL.A. Bougainville ; [traducción del francés por Josefina Gallego de Dantín] |
| 250 | _a4ª ed | ||
| 260 |
_aMadrid _bEspasa-Calpe _c1966 |
||
| 300 |
_a343 p. _c20 cm |
||
| 490 |
_aAustral _v349 |
||
| 650 | 0 | 8 |
_aViajes _9136 |
| 700 | 1 |
_aGallego de Dantín, Josefina _9285 |
|
| 942 |
_2ddc _cBK |
||
| 999 |
_c241 _d241 |
||